Shelter security for the elderly / (Record no. 97526)

MARC details
000 -LEADER
fixed length control field 00557nam a22001937a 4500
005 - DATE AND TIME OF LATEST TRANSACTION
control field 20151208105956.0
010 ## - LCCN (DPL NO)
LC control number ENG-114172
020 ## - INTERNATIONAL STANDARD BOOK NUMBER
International Standard Book Number 9788183243643
Terms of availability 495.00
035 ## - SYSTEM CONTROL NUMBER
System control number EN-97704
037 ## - SOURCE OF ACQUISITION
Source of stock number/acquisition DBAD/PUB
082 ## - DEWEY DECIMAL CLASSIFICATION NUMBER
Classification number 362.6
245 ## - TITLE STATEMENT
Title Shelter security for the elderly /
Statement of responsibility, etc edited by Sugan Bhatia
260 ## - PUBLICATION, DISTRIBUTION, ETC. (IMPRINT)
Place of publication, distribution, etc New Delhi
Name of publisher, distributor, etc Mittal Publications
Date of publication, distribution, etc 2012
270 ## - ADDRESS
Address 4594/9, Daryaganj,
City New Delhi
Postal code 110002
300 ## - PHYSICAL DESCRIPTION
Extent xv,165p.
Dimensions 22cm(Hb)
500 ## - GENERAL NOTE
General note Includes index
700 ## - ADDED ENTRY--PERSONAL NAME
Personal name Bhatia, Sugan
942 ## - ADDED ENTRY ELEMENTS (KOHA)
Source of classification or shelving scheme Dewey Decimal Classification
Item type English Books
Call number suffix SHE
Classification part 362.6
Holdings
Withdrawn status Lost status Not for loan Collection code Home library Current library Date acquired Source of acquisition Cost, normal purchase price Full call number Barcode Copy number Cost, replacement price Koha item type
    Not For Loan Non-fiction D.B.Act.Division D.B.Act.Division 29/09/2015 DBAD/PUB 495.00 362.6 SHE EN-97704 1 495.00 English Books

© Delhi Public Library
Hit Counter
free hit counter